| 000 | 00455nam a22001577a 4500 | ||
|---|---|---|---|
| 999 |
_c15342 _d15342 |
||
| 008 | 200610b ||||| |||| 00| 0 eng d | ||
| 020 | _a978-0-00-753160-8 (paperback) | ||
| 082 |
_22016 _aDFic _bL435 |
||
| 100 |
_aLawrence, Mark _942167 |
||
| 245 |
_aThe liar's key / _cMark Lawrence. |
||
| 260 |
_aLondon : _bHarperVoyager, _c2016. |
||
| 300 |
_a653 pages ; _c20 cm |
||
| 650 |
_aFantasy fiction. _942168 |
||
| 365 |
_b190.00 _cPhp |
||
| 942 |
_2ddc _cDFIC |
||